Normal view
MARC view
- WEIDONG,DENG
Entry Personal Name
001 - CONTROL NUMBER
- control field: 91611
003 - CONTROL NUMBER IDENTIFIER
- control field: NUST
005 - DATE AND TIME OF LATEST TRANSACTION
- control field: 20220517095456.0
008 - FIXED-LENGTH DATA ELEMENTS
- fixed length control field: 220517|| aca||aabn | a|a d
040 ## - CATALOGING SOURCE
- Original cataloging agency: NUST
- Transcribing agency: NUST
100 ## - HEADING--PERSONAL NAME
- Personal name: WEIDONG,DENG
670 ## - SOURCE DATA FOUND
- Source citation: Work cat.: (NUST): WEIDONG,DENG., HIGHWAY LANDSCAPE PLANNING AND CONSTRUCTION /, 2019.
